000 00239nam a2200097Ia 4500
001 647249
005 20250826153659.0
008 250824s9999 xx 000 0 und d
245 0 _aMOTORLU KUŞ
_cCAHİT ZARİFOĞLU
260 _bBEYAN YAYINLARI
999 _c647249
_d647249